000 00587nam a2200181 i 4500
001 72958
003 ES-MaACL
005 20231209062940.0
007 t|
008 040903s1969 sp a |||| |bspa d
100 1 _aGómez-Santos, Marino,
_d1930-2020
_958158
245 1 3 _aLa reina Victoria Eugenia de cerca /
_cMarino Gómez-Santos.
260 _aMadrid :
_bAfrodisio Aguado,
_c[1969]
300 _a381 p. :
_bil. ;
_c18 cm.
600 0 4 _aVictoria Eugenia
_cReina consorte de Alfonso XIII, Rey de España.
_9170484
852 _aES-MaACL
_jC-36495
999 _c72958
_d72958